Dishes Around The World - Statistics

General Stats
  • This quiz has been taken 56 times
  • The average score is 12 of 25
Answer Stats
Hint Answer % Correct
A Spanish rice dish containing shellfish, meat, and saffron. Paella
94%
This French eggplant, zucchini, and tomato stew was the namesake of a Pixar movie. Ratatouille
79%
Canada's national dish- a mix of french fries, cheese curds, and gravy. Poutine
74%
Thinly sliced raw fish, served without rice and dipped in soy sauce. A delicacy in Japan. Sashimi
74%
This hearty breakfast, also known as a fry-up, typically consists of eggs, bacon, sausage, tomatoes, mushrooms, grilled bread, baked beans, and blood pudding, all fried up in a pan. Full English
70%
A meat and vegetable stew of Hungarian origin spiced with paprika. Goulash
70%
This rodent, commonly kept as a pet in many parts of the world, is a delicacy in Peru. Guinea Pig
66%
A healthy Peruvian appetizer where raw shrimp or fish and vegetables are marinated in acidic citrus juice, "cooking" the seafood. Ceviche
55%
These deep-fried balls of chick peas are a popular dish in the Middle East. Falafel
53%
The official dish of the US state of Louisiana, this Cajun stew has a dark roux broth, containing sausage, chicken, shrimp, and vegetables, served with rice. Gumbo
49%
A popular German fast food consisting of sausage and curry ketchup. Currywurst
47%
This sweet confection is an extremely popular treat in Türkiye. Turkish Delight
47%
This Greek dish contains layers of phyllo dough, spinach, and feta cheese. Spanakopita
43%
A traditional Chinese meal containing small plates of dumplings and other such appetizers. Dim Sum
40%
A spicy Korean rice bowl topped with seasoned vegetables, beef, and a fried egg. Bibimbap
36%
A spongey Ethiopian flatbread, which is served alongside various stews, meats, and vegetables, torn off and used to eat various foods like a utensil. Injera
36%
A Southeast Asian dish containing grilled marinated meat skewers, served with peanut sauce. Satay
36%
A delicacy in parts of Asia, this soup, known for its texture, is considered a luxury and was believed to have healing properties, but is outlawed in countries such as the United States due to the animal cruelty and overfishing involved with the process. Shark Fin
36%
The stomach lining of an animal such as a cow, sheep, or pig, eaten in many parts of the world. Tripe
36%
Similar to hummus, this Persian dip is made of roasted eggplant and served as an appetizer. Baba Ghanoush
30%
Fertilized duck eggs, eaten as a street food throughout Southeast Asia. Balut
28%
This Indian dish has a thick spinach paste with chunks of cheese throughout it. Saag Paneer
19%
A Mexican street food involving charred ears of corn, topped with mayo, cotija, lime, and chili powder. Elotes
17%
A stuffed Italo-American pasta dish baked and topped with sauce and cheese. Manicotti
9%
The Brazilian take on the empanada, which better resembles a miniature pie. Empada
6%
No matching quizzes found
Score Distribution
Percent of People with Each Score
Percentile by Number Answered
Your Score History
You have not taken this quiz